Personnages des Mystérieuses Cités d'Or par images - Statistiques

Statistiques générales
  • Ce quiz a été pris 359 fois
  • Le résultat moyen est 9 sur 16
Statistiques - réponses
Par images Réponse % Correct
Esteban
100%
Tao
99%
Zia
97%
Mendoza
78%
Pedro
69%
Sancho
68%
Pichu
67%
Gaspard
49%
Commandant Gomez
45%
Père Rodriguez
37%
Pizarro
37%
Docteur Fernando de Lagurra
31%
Marinché
28%
Roi Ménator
26%
Papa Camayo
25%
Commandant Perez
20%
Aucun quiz correspondant
Distribution des résultats
% des personnes avec chaque résultat
Percentile par nombre de réponses
Votre historique - résultats
Vous n’avez pas pris ce quiz